Statystyki dla 15 krajów o największej liczbie zgonów Covid19 - 3 czerwca

Kliknij tutaj aby rozwiązać quiz!

Ogólne statystyki

  • Ten quiz został rozwiązany 36 razy
  • Średni wynik to 11 z 20

Statystyki odpowiedzi

kraj% Poprawnych
Stany Zjednoczone
94%
Rosja
87%
Francja
81%
Niemcy
81%
Hiszpania
77%
Brazylia
71%
Kanada
71%
Włochy
68%
Meksyk
61%
Wielka Brytania
58%
Portugalia
48%
Belgia
45%
Holandia
45%
Indie
39%
Iran
32%
Irlandia
32%
Peru
32%
Szwecja
32%
Szwajcaria
23%
Ekwador
13%

Rozkład punktacji

Percentyl według liczby udzielonych odpowiedzi

Procent ludzi z każdym wynikiem

Twoja historia wyników

Nie rozwiązałeś tego quizu